Социально-экологическая мотивация промышленно-предпринимательской деятельности; Прогрессивные технологии и экономика в машиностроении

Podrobná bibliografie
Parent link:Прогрессивные технологии и экономика в машиностроении.— 2015.— [С. 500-502]
Hlavní autor: Куюмджиева И. Н.
Korporativní autor: Национальный исследовательский Томский политехнический университет (ТПУ) Юргинский технологический институт (филиал) (ЮТИ) Кафедра гуманитарного образования и иностранных языков (ГОИЯ)
Další autoři: Полещук Л. Г. Лариса Генадьевна (научный руководитель)
Shrnutí:Заглавие с экрана
Jazyk:ruština
Vydáno: 2015
Edice:Гуманитарные проблемы в науке и технике
Témata:
On-line přístup:http://earchive.tpu.ru/handle/11683/17765
http://www.lib.tpu.ru/fulltext/c/2015/C57/218.pdf
Médium: MixedMaterials Elektronický zdroj Kapitola
KOHA link:https://koha.lib.tpu.ru/cgi-bin/koha/opac-detail.pl?biblionumber=611915

MARC

LEADER 00000naa2a2200000 4500
001 611915
005 20260419144715.0
035 |a (RuTPU)RU\TPU\conf\9765 
035 |a RU\TPU\conf\9755 
090 |a 611915 
100 |a 20150427d2015 k y0rusy50 ca 
101 0 |a rus 
102 |a RU 
135 |a drgn ---uucaa 
181 0 |a i  
182 0 |a b 
200 1 |a Социально-экологическая мотивация промышленно-предпринимательской деятельности  |f И. Н. Куюмджиева  |g науч. рук. Л. Г. Полещук 
203 |a Текст  |c электронный 
215 |a 1 файл(260 Кб) 
225 1 |a Гуманитарные проблемы в науке и технике 
300 |a Заглавие с экрана 
320 |a [Библиогр.: с. 502 (3 назв.)] 
337 |a Adobe Reader 
463 1 |0 (RuTPU)RU\TPU\conf\9525  |t Прогрессивные технологии и экономика в машиностроении  |o сборник трудов VI Всероссийской научно-практической конференции для студентов и учащейся молодежи, 9-11 апреля 2015 г., Юрга  |f Национальный исследовательский Томский политехнический университет (ТПУ), Юргинский технологический институт (ЮТИ) ; под ред. Д. А. Чинахова  |v [С. 500-502]  |d 2015 
610 1 |a электронный ресурс 
610 1 |a труды учёных ТПУ 
610 1 |a природные ресурсы 
610 1 |a мотивация 
610 1 |a предпринимательская деятельность 
610 1 |a экология 
700 1 |a Куюмджиева  |b И. Н. 
702 1 |a Полещук  |b Л. Г.  |c философ  |c доцент Юргинского технологического института (филиала) Томского политехнического университета  |f 1959-  |g Лариса Генадьевна  |4 727 
712 0 2 |a Национальный исследовательский Томский политехнический университет (ТПУ)  |b Юргинский технологический институт (филиал) (ЮТИ)  |b Кафедра гуманитарного образования и иностранных языков (ГОИЯ)  |3 (RuTPU)RU\TPU\col\18978 
801 1 |a RU  |b 63413507  |c 20101016 
801 2 |a RU  |b 63413507  |c 20210212  |g RCR 
856 4 |u http://earchive.tpu.ru/handle/11683/17765 
856 4 |u http://www.lib.tpu.ru/fulltext/c/2015/C57/218.pdf 
942 |c BK